Monitoreo participativo para el manejo forestal en el trópico: una revisión de herramientas y conceptos y lecciones aprendidas
Zapisane w:
| Główni autorzy: | , |
|---|---|
| Format: | Książka |
| Język: | hiszpański |
| Wydane: |
Bogor
Centro para la Investigación Forestal Internacional
2008
|
| Hasła przedmiotowe: | |
| Etykiety: |
Dodaj etykietę
Nie ma etykietki, Dołącz pierwszą etykiete!
|
MARC
| LEADER | 00000cam a2200000 a 4500 | ||
|---|---|---|---|
| 001 | UCI9552 | ||
| 003 | CL-VaPUC | ||
| 008 | 081120e20080000io |||||||||||||||||spa|d | ||
| 020 | |a 9789791412711 | ||
| 082 | 0 | 4 | |a 333.72 |b EVA |2 21 |
| 100 | 0 | |a Evans, Kristen |e author |9 533380 | |
| 700 | 0 | |a Guariguata, Manuel R |e author |9 533381 | |
| 245 | 1 | 0 | |a Monitoreo participativo para el manejo forestal en el trópico: una revisión de herramientas y conceptos y lecciones aprendidas |
| 300 | |a 50 p | ||
| 942 | |c BK | ||
| 945 | |d 20081120 00:00:00 |a jtorresc | ||
| 260 | |a Bogor |b Centro para la Investigación Forestal Internacional |c 2008 | ||
| 650 | 7 | |a MANEJO FORESTAL |2 CL-VaPUC |9 270818 | |
| 650 | 7 | |a BOSQUES TROPICALES |2 CL-VaPUC |9 365111 | |
| 583 | |a last modification |c 20130816 04:58:54 |k Rodrigo Vera | ||
| 999 | |c 332069 |d 332067 | ||
| 952 | |0 0 |1 0 |4 0 |6 333_720000000000000_EVA_2008 |7 0 |8 A |9 419438 |a BIBAGR |b BIBAGR |d 2019-11-22 |i 449914K |o 333.72 EVA 2008 |p 449914K |r 2025-01-20 |w 2019-11-22 |y BK |k AGR | ||